| 000 | 01592nam a2200433 4500 | ||
|---|---|---|---|
| 001 | 22563 | ||
| 003 | SK-KTurca | ||
| 005 | 20260401111236.0 | ||
| 008 | 191128s2019 xo d 000 fdslo d | ||
| 020 |
_a9788056613665 _q(viazané) |
||
| 035 | _aa000649881 | ||
| 040 |
_aSKPK _bslo _cSKPK _dUKB _erda |
||
| 041 | 1 |
_aslo _hfre |
|
| 044 |
_axo _cSK |
||
| 072 | 7 |
_a821.133.1-3 _xFrancúzska próza, francúzsky písaná _2konspekt |
|
| 080 |
_a821.133.1-31 _22011 |
||
| 080 |
_a(0:82-31)-055.2 _22011 |
||
| 100 | 1 |
_aMartin-Lugand, Agnès, _d1979- _4aut |
|
| 240 | 1 | 4 |
_aUne évidence. _lSlovensky |
| 245 | 1 | 0 |
_aNad slnko jasnejšie _cAgnès Martin-Lugand ; z francúzskeho originálu Une évidence ... preložila Andrea Černáková |
| 250 | _a1. vydanie | ||
| 264 | 1 |
_aBratislava _bLindeni _c2019 |
|
| 300 |
_a388 strán _c20 cm |
||
| 336 |
_atext _btxt _2rdacontent |
||
| 337 |
_abez média _bn _2rdamedia |
||
| 338 |
_azväzok _bnc _2rdacarrier |
||
| 500 | _aObsahuje biografické údaje o autorke na záložke prebalu | ||
| 500 | _aVyšlo vo vydavateľstve Lindeni v spoločnosti Albatros Media Slovakia, s.r.o. | ||
| 530 | _aDostupný aj zvukový záznam | ||
| 655 | 7 |
_afrancúzske romány _2UKBPH |
|
| 655 | 7 |
_aromány pre ženy _2UKBPH |
|
| 700 | 1 |
_aČernáková, Andrea _4trl |
|
| 710 | 2 |
_aAlbatros Media Slovakia. _bLindeni _4pbl |
|
| 776 | 0 |
_tNad slnko jasnejšie _i[zvukový záznam] |
|
| 942 |
_2ddc _cKLDO _n0 |
||
| 980 | _aAlbatros Media Slovakia s. r. o., Mickiewiczova 9, 811 07 Bratislava | ||
| 982 | _aKL | ||
| 999 |
_c22563 _d22563 |
||